<?xml version="1.0" encoding="UTF-8"?><?xml-stylesheet type="text/xsl" href="static/style.xsl"?><OAI-PMH xmlns="http://www.openarchives.org/OAI/2.0/" xmlns:xsi="http://www.w3.org/2001/XMLSchema-instance" xsi:schemaLocation="http://www.openarchives.org/OAI/2.0/ http://www.openarchives.org/OAI/2.0/OAI-PMH.xsd"><responseDate>2026-04-17T19:13:13Z</responseDate><request verb="GetRecord" identifier="oai:www.recercat.cat:20.500.14342/3751" metadataPrefix="marc">https://recercat.cat/oai/request</request><GetRecord><record><header><identifier>oai:recercat.cat:20.500.14342/3751</identifier><datestamp>2025-05-27T22:42:30Z</datestamp><setSpec>com_2072_482405</setSpec><setSpec>com_2072_183628</setSpec><setSpec>col_2072_482411</setSpec></header><metadata><record xmlns="http://www.loc.gov/MARC21/slim" xmlns:dcterms="http://purl.org/dc/terms/" xmlns:xsi="http://www.w3.org/2001/XMLSchema-instance" xmlns:doc="http://www.lyncode.com/xoai" xsi:schemaLocation="http://www.loc.gov/MARC21/slim http://www.loc.gov/standards/marcxml/schema/MARC21slim.xsd">
   <leader>00925njm 22002777a 4500</leader>
   <datafield ind2=" " ind1=" " tag="042">
      <subfield code="a">dc</subfield>
   </datafield>
   <datafield ind2=" " ind1=" " tag="720">
      <subfield code="a">Solana-Tramunt, Mònica</subfield>
      <subfield code="e">author</subfield>
   </datafield>
   <datafield ind2=" " ind1=" " tag="720">
      <subfield code="a">Morales, Jose</subfield>
      <subfield code="e">author</subfield>
   </datafield>
   <datafield ind2=" " ind1=" " tag="720">
      <subfield code="a">Cabedo Sanromà, Josep</subfield>
      <subfield code="e">author</subfield>
   </datafield>
   <datafield ind2=" " ind1=" " tag="720">
      <subfield code="a">Guerra-Balic, Myriam</subfield>
      <subfield code="e">author</subfield>
   </datafield>
   <datafield ind2=" " ind1=" " tag="260">
      <subfield code="c">2019-05</subfield>
   </datafield>
   <datafield ind2=" " ind1=" " tag="520">
      <subfield code="a">BACKGROUND: Lumbar range of movement (ROM) and its conscious control play a crucial role in maintaining lumbar health and result in better limb efficiency, core control, stability and balance. However, there is no single test that assesses both lumbar ROM and conscious control or proprioception. Here, we design a novel test to assess simultaneously lumbar ROM and proprioception (the R&amp;P-t) to determine the reliability of the test, and to compare these outcomes between healthy active students and elite swimmers in order to describe a third outcome: The Relative Error (REr).&#xd;
METHODS: A total of 34 healthy elite swimmers (mean age: 20.3±4.1 years) and 27 healthy physically active students (mean age: 22.8±2.9 years) volunteered to participate in the study. The participants were blindfolded to obtain the Absolute Error (AEr) and lumbar ROM scores after 3 trials of maximal lumbar flexion, extension and mid perceived position obtained on two different dates separated by 2-3 days.&#xd;
RESULTS: Intraclass correlation coefficients ranged from 0.89-0.99 for all of the measurements. Lumbar ROM and AEr scores were higher for the active students than the elite swimmers (44.9±13.3° vs. 34.4±17.4° and 3.7±9.0° vs. 2.4±7.8°, respectively). REr was higher for elite swimmers (32.7±10.0% vs. 18.0±2.2%).&#xd;
CONCLUSIONS: The R&amp;P-t is the first reliable test to assess both lumbar proprioception and ROM with the same equipment. A higher AEr in a reduced ROM implies higher relative joint instability, and the same AEr in a higher ROM corresponds to more relative control over this joint.</subfield>
   </datafield>
   <datafield ind1="8" ind2=" " tag="024">
      <subfield code="a">http://hdl.handle.net/20.500.14342/3751</subfield>
   </datafield>
   <datafield ind1="8" ind2=" " tag="024">
      <subfield code="a">https://doi.org/10.23736/S0393-3660.18.03752-X</subfield>
   </datafield>
   <datafield tag="653" ind2=" " ind1=" ">
      <subfield code="a">Propiocepció</subfield>
   </datafield>
   <datafield tag="653" ind2=" " ind1=" ">
      <subfield code="a">Artrometria articular</subfield>
   </datafield>
   <datafield tag="653" ind2=" " ind1=" ">
      <subfield code="a">Natació</subfield>
   </datafield>
   <datafield ind2="0" ind1="0" tag="245">
      <subfield code="a">The use of an electrogoniometer to assess both lumbar range of movement and its conscious control: a comparison between healthy subjects and elite swimmers</subfield>
   </datafield>
</record></metadata></record></GetRecord></OAI-PMH>